| 000 | 01129aab a2200229 i 4500 | ||
|---|---|---|---|
| 001 | 768714001 | ||
| 003 | CO-MdFUSB | ||
| 005 | 20240716142416.0 | ||
| 008 | 240716t2005 sz ||||| |||| 00| 0 eng d | ||
| 040 |
_bspa _cCO-MdFUSB |
||
| 041 | _aeng | ||
| 100 |
_aBukowski, Peter, _eautor |
||
| 245 | 1 | 0 |
_aPreaching on justice : _bthe question of the homiletic implementation of the Accra confession _c/ Peter Bukowski |
| 520 | _aPredicar sobre la justicia es ante todo predicar sobre la justicia de Dios como gracia gratuita. Incluye exponer no sólo las injusticias de los demás, sino también las nuestras. Su objetivo es acompañar a la congregación por el camino de la justicia. Al reflexionar sobre estos temas, Bukowski entabla un diálogo crítico con la Confesión de Accra. | ||
| 546 | _aTexto en inglés. | ||
| 650 | 7 |
_aDios _9178 |
|
| 650 | 7 |
_aJusticia (Virtud) _xAspectos religiosos _96931 |
|
| 650 | 0 |
_aTeología práctica _9180 |
|
| 773 | 0 |
_tReformed World _049396 _959505 _gVolumen 55, (número 3, 2005) páginas: 234 - 243 _qpágina: 234 |
|
| 942 | _cANA | ||
| 945 | _aCatherine Arias Álvarez - Practicante SENA | ||
| 999 |
_c61102 _d61102 |
||